| 000 | 01211nam a22003495a 4500 | ||
|---|---|---|---|
| 008 | 150818t1994 nyua|||frb||| 001 0 eng d | ||
| 020 | _a0471585858 | ||
| 020 | _a9780471585855 | ||
| 040 |
_aEG-ScBUE _beng _cEG-ScBUE |
||
| 082 | 0 | 4 |
_a541.3686 _bBEN _222 |
| 100 | 1 | _aBenderskii, Victor. A. | |
| 245 | 1 | 0 |
_aChemical dynamics at low temperatures / _c Victor A. Benderskii, Dmitrii E. Makarov, Charles A. Wight. |
| 260 |
_aNew York : _bJohn Wiley& Sons, _c c.1994. |
||
| 300 |
_aix, 385p.: _bill.; _c23 cm. |
||
| 440 | _vvol.88 | ||
| 490 | 0 | _aAdvances in chemical physics. | |
| 500 | _aIndexes : p. 359-385. | ||
| 504 | _aBibliography : p. 341-358. | ||
| 590 | _aMenna Elemam | ||
| 650 |
_atunneling (physics) _2BUEsh _92687 |
||
| 650 |
_alow temperatures _2BUEsh _92686 |
||
| 650 |
_achemical kinetics-- _xEffect of temperature on. _2BUEsh _92683 |
||
| 650 |
_aTunneling (Physics) _2BUEsh _92687 |
||
| 651 | _2BUEsh | ||
| 653 |
_bENGCHE _cAugust2015 |
||
| 700 | 1 |
_aMakarov, Dmitrii E. _92681 |
|
| 700 | 1 |
_aWight, Charles A. _92682 |
|
| 942 |
_cBB _k541.3686 BEN _2ddc _hRDA-MOD |
||
| 999 |
_c6641 _d6641 |
||
| 336 |
_2rdacontent _atext _btxt |
||
| 337 |
_aunmediated _2rdamedia _bn |
||
| 338 |
_avolume _bnc _2rdacarrier |
||